Leading change / (Record no. 17389)

000 -LEADER
fixed length control field 00595cam a2200205 a 4500
020 ## - INTERNATIONAL STANDARD BOOK NUMBER
ISBN 9781422186435 (alk. paper)
040 ## - CATALOGING SOURCE
Transcribing agency DLC
082 00 - DEWEY DECIMAL CLASSIFICATION NUMBER
Classification number 658 HAR 2012 A113 Or.
100 1# - MAIN ENTRY--AUTHOR NAME
Personal name Kotter, John P.,
245 10 - TITLE STATEMENT
Title Leading change /
260 ## - PUBLICATION, DISTRIBUTION, ETC. (IMPRINT)
Place of publication Boston, Mass. :
Name of publisher Harvard Business Review Press,
Year of publication c2012.
300 ## - PHYSICAL DESCRIPTION
Number of Pages xii, 194 p :
Other physical details ill. ;
Dimensions 24 cm.
500 ## - GENERAL NOTE
General note Includes new preface by the author.
500 ## - GENERAL NOTE
General note First published in 1996.
650 #0 - SUBJECT ADDED ENTRY--TOPICAL TERM
Topical Term Organizational change.
650 #0 - SUBJECT ADDED ENTRY--TOPICAL TERM
Topical Term Leadership.
650 #0 - SUBJECT ADDED ENTRY--TOPICAL TERM
Topical Term Industrial organization.
650 #0 - SUBJECT ADDED ENTRY--TOPICAL TERM
Topical Term Strategic planning.
942 ## - ADDED ENTRY ELEMENTS (KOHA)
Koha item type សៀវភៅភាសាអង់គ្លេស
952 ## - LOCATION AND ITEM INFORMATION (KOHA)
Withdrawn status [LOCAL, KOHA] 0
952 ## - LOCATION AND ITEM INFORMATION (KOHA)
Withdrawn status [LOCAL, KOHA] 0
Holdings
Permanent Location Date acquired Koha item type Lost status Shelving location Barcode Current Location Full call number
Library Block A2018-11-19សៀវភៅភាសាអង់គ្លេស A113A35779Library Block A658 HAR 2012 A113 Or.
Library Block A2018-11-27សៀវភៅភាសាអង់គ្លេស A114A37483Library Block A658 HAR 2012 A113 Or.
មជ្ឈមណ្ឌលឯការនៃសាកលវិទ្យាល័យភូមិន្ទកសិកម្មចំការដូង

Powered by Koha